ბათუმის შოთა რუსთაველის სახელმწიფო უნივერსიტეტის ბიბლიოთეკა

ღირსი მამა პახომი დიდი ; არქიმანდრიტი ქერუბინი "ნოსტალგიური მოგონებები ათონის წმინდა მთაზე" / (ბიბ.ჩანაწერი № 49633)

000 -ლიდერი
ფიქსირებული სიგრძის საკონტროლო ველი 02195nam a2200301Ia 4500
001 - საკონტროლო ნომერი
საკონტროლო ველი 16565
003 - საკონტროლო ნომრის იდენტიფიკატორი
საკონტროლო ველი GE_BSU
005 - ბოლო ოპერაციის თარიღი და დრო
საკონტროლო ველი 20250211112626.0
008 - ფიქსირებული სიგრძის მონაცემთა ელემენტები - ზოგადი ინფორმაცია
ფიქსირებული სიგრძის საკონტროლო ველი 181216s2015||||ge |||||||||||||| ||geo||
020 ## - წიგნის საერთაშორისო სტანდარტული ნომერი
International Standard Book Number 9789941240348
040 ## - კატალოგიზაციის წყარო
Transcribing agency GE_BSU
041 ## - ენის კოდი
Language code of text/sound track or separate title geo
080 ## - უნივერსალური ათობითი კლასიფიკაციის ინდექსი
Universal Decimal Classification number 27-526.62 ღ-70
245 ## - ცნობა სათაურის შესახებ
Title ღირსი მამა პახომი დიდი ; არქიმანდრიტი ქერუბინი "ნოსტალგიური მოგონებები ათონის წმინდა მთაზე" /
Statement of responsibility, etc შემდგენელი კახაბერ კენკიშვილი ; გარეკანის დიზაინი ეთერ გზირიშვილი.
264 ## - წარმოების, გამოცემის, დისტრიბუციის და სხვა ცნობები
გამოცემის, წარმოების, დისტრიბუციის... ადგილი თბილისი :
გამოცემის, წარმოების, დისტრიბუციის... სახელწოდება პალიტრა L,
გამოცემის, წარმოების, დისტრიბუციის... თარიღი 2015.
300 ## - ფიზიკური აღწერა
Extent 230 გვ. ;
Dimensions 20 სმ.
490 ## - სერიის ცნობა
Series statement საქართველოს იმედი II : ყველა წმინდანი, რომელთა შესახებაც უნდა იცოდე / პროექტის რედაქტორი თამარ მამაცაშვილი.
Volume number/sequential designation წიგნი 26
500 ## - ზოგადი შენიშვნა
General note იბეჭდება სრულიად საქართველოს კათოლიკოს-პატრიარქის, უწმინდესისა და უნეტარესის ილია II-ის ლოცვა-კურთხევით
653 ## - INDEX TERM--UNCONTROLLED
Uncontrolled term რელიგია
653 ## - INDEX TERM--UNCONTROLLED
Uncontrolled term ღირსი მამა პახომი დიდი
653 ## - INDEX TERM--UNCONTROLLED
Uncontrolled term არქიმანდრიტი ქერუბინი
653 ## - INDEX TERM--UNCONTROLLED
Uncontrolled term "ნოსტალგიური მოგონებები ათონის წმინდა მთაზე"
700 ## - ADDED ENTRY--PERSONAL NAME
Personal name კენკიშვილი, კახაბერ
Relator term შემდგენელი
9 (RLIN) 24315
700 ## - ADDED ENTRY--PERSONAL NAME
Personal name მამაცაშვილი, თამარ
Relator term პროექტის რედაქტორი
9 (RLIN) 24316
700 ## - ADDED ENTRY--PERSONAL NAME
Personal name გზირიშვილი, ეთერ
Relator term გარეკანის დიზაინერი
9 (RLIN) 24317
942 ## - ADDED ENTRY ELEMENTS (KOHA)
Koha item type წიგნი
Source of classification or shelving scheme
ეგზემპლარები
ჩამოწერის სტატუსი დაკარგული ეგზემპლარის სტატუსი კლასიფიკაციის წყარო ან თაროზე გაწყობის სქემა დაზიანების სტატუსი არ გაიცემა მუდმივი მდებარეობა (დაცვის ადგილი) ამჟამინდელი ადგილსამყოფელი თაროზე განთავსების ადგილი შეძენის თარიღი ღირებულება, შესყიდვის ნორმალური ფასი სრული შენახვის შიფრი შტრიხკოდი ბოლო ოპერაციის თარიღი ეგზემპლარის მიმდევრობითი ნომერი (კეტერი?) ფასის ძალაში შესვლის თარიღი ეგზემპლარის სახეობა საჯარო შენიშვნა
          ბათუმის შოთა რუსთაველის სახელმწიფო უნივერსიტეტის მთავარი ბიბლიოთეკა ბათუმის შოთა რუსთაველის სახელმწიფო უნივერსიტეტის მთავარი ბიბლიოთეკა წიგნსაცავი 2018-12-17 2.00 27-526.62 ღ-70 27682 2018-12-17 27682 2018-12-17 წიგნი 2.00 ₾.